000 00842nam a2200277 a 4500
001 37028
003 BD-RjUL
005 20211209052553.0
008 141001s1996 enka b 001 0 eng
020 _a0521586909 (pbk.)
035 _a(BD-RjUL)37130
040 _aDLC
_cDLC
_dDLC
_dBD-RjUL
_beng
041 _aeng
082 0 0 _a574.87322
_220
_bHAG 1996
100 1 _aHawkins, John D.
_9113176
245 1 0 _aGene structure and expression /
_cJohn D. Hawkins.
250 _a3rd ed.
260 _aCambridge ;
_aNew York :
_bCambridge University Press,
_c1996.
300 _aXiv, 212 p.:
_bill. ;
_c23 cm.
504 _aIncludes bibliographical references (p. [201]-207) and index.
650 0 _aGene expression.
_921239
650 0 _aMolecular genetics.
_9113177
942 _2ddc
_cBK
999 _c37028
_d37028